[Event "25. Copenhagen Open  (Politiken Cup)"]
[Site "Copenhagen"]
[Date "2003.07.18"]
[Round "5"]
[White "Skovgaard, Peter Nicolai"]
[Black "Cohen, Ronnie"]
[Result "0-1"]
[WhiteElo "2038"]
[BlackElo "1695"]
[PlyCount "100"]
[EventDate "2003.07.14"]
[EventType "swiss"]
[EventRounds "11"]
[EventCountry "DEN"]
[SourceDate "2004.01.01"]

1. e4 c5 2. Nf3 d6 3. d4 cxd4 4. Nxd4 Nf6 5. Nc3 g6 6. Be3 Bg7 7. Be2 Nc6 8.
O-O O-O 9. h3 Bd7 10. f4 a6 11. a4 Rc8 12. Qd2 Nxd4 13. Bxd4 Bc6 14. Kh1 Qd7
15. Bf3 Rfd8 16. f5 b5 17. fxg6 hxg6 18. axb5 axb5 19. Ra7 Rc7 20. Rfa1 Rxa7
21. Rxa7 Qe8 22. Nd5 Bxd5 23. exd5 Ra8 24. Rb7 Rb8 25. Rc7 Qd8 26. Qa5 Ne8 27.
Bxg7 Qxc7 28. Qxc7 Nxc7 29. Bd4 b4 30. c4 bxc3 31. Bxc3 Rb5 32. Kg1 Nxd5 33.
Bxd5 Rxd5 34. Kf2 Kh7 35. Ke3 f5 36. b4 Kh6 37. g4 fxg4 38. hxg4 Kg5 39. Ke4 e6
40. Bg7 Kxg4 41. Ke3 Kg3 42. Bf8 g5 43. Ke2 Kg2 44. Ke3 g4 45. Be7 g3 46. b5
Rxb5 47. Bxd6 Rb3+ 48. Kf4 Kf1 49. Bc5 g2 50. Kg4 g1=Q+ 0-1

[Event "25. Copenhagen Open  (Politiken Cup)"]
[Site "Copenhagen"]
[Date "2003.07.18"]
[Round "5"]
[White "Stam, Bart"]
[Black "Schjelderup, Nils-Jakob"]
[Result "0-1"]
[WhiteElo "2058"]
[BlackElo "1587"]
[PlyCount "86"]
[EventDate "2003.07.14"]
[EventType "swiss"]
[EventRounds "11"]
[EventCountry "DEN"]
[SourceDate "2004.01.01"]

1. e4 c5 2. Nf3 d6 3. Bb5+ Nd7 4. O-O Ngf6 5. e5 dxe5 6. Nxe5 a6 7. Bxd7+ Nxd7
8. Re1 Nxe5 9. Rxe5 e6 10. Nc3 Bd6 11. Re3 Qc7 12. Qh5 Bd7 13. Ne4 Bc6 14.
Nxd6+ Qxd6 15. Rd3 Qe7 16. b3 Be4 17. Rc3 b6 18. Bb2 Bg6 19. Qg4 O-O 20. Rg3
Rfd8 21. d3 b5 22. h4 h5 23. Qf4 Qd6 24. Be5 Qd7 25. Re1 Rac8 26. Ree3 c4 27.
bxc4 bxc4 28. d4 Qa4 29. Rxg6 fxg6 30. Qe4 Qe8 31. Rg3 Rd7 32. Rxg6 Ra8 33. g4
hxg4 34. h5 Raa7 35. Qxg4 Qf7 36. Rf6 Qe7 37. Rxe6 Qf7 38. h6 Re7 39. Rg6 Qf8
40. Bxg7 Re1+ 41. Kh2 Qxf2+ 42. Qg2 Qh4+ 43. Qh3 Rh1+ 0-1

[Event "25. Copenhagen Open  (Politiken Cup)"]
[Site "Copenhagen"]
[Date "2003.07.18"]
[Round "5"]
[White "Stokke, Kjetil"]
[Black "Spanton, Timothy"]
[Result "1-0"]
[WhiteElo "2162"]
[BlackElo "2021"]
[PlyCount "65"]
[EventDate "2003.07.14"]
[EventType "swiss"]
[EventRounds "11"]
[EventCountry "DEN"]
[SourceDate "2004.01.01"]

1. e4 c5 2. Nf3 g6 3. d4 cxd4 4. Nxd4 Nc6 5. c4 Nf6 6. Nc3 d6 7. Be2 Nxd4 8.
Qxd4 Bg7 9. Be3 O-O 10. Qd2 Be6 11. f3 Qa5 12. Rb1 Rfc8 13. b4 Qd8 14. Nd5 Bxd5
15. exd5 b5 16. cxb5 Ne4 17. Qd3 Nc3 18. Rb3 Nxa2 19. Kf2 Nc3 20. Ra3 Nxe2 21.
Qxe2 Qd7 22. Ra6 Qf5 23. Rd1 Bc3 24. Rc6 Bxb4 25. Qc4 Ba5 26. Ra1 Bb6 27. Bxb6
axb6 28. Ra6 f6 29. g4 Qd7 30. Raxb6 Rxc6 31. dxc6+ d5 32. cxd7 dxc4 33. Rc6
1-0

[Event "25. Copenhagen Open  (Politiken Cup)"]
[Site "Copenhagen"]
[Date "2003.07.18"]
[Round "5"]
[White "Taksrud, Vidar"]
[Black "Aabling Thomsen, Jakob"]
[Result "0-1"]
[WhiteElo "1914"]
[BlackElo "2158"]
[PlyCount "166"]
[EventDate "2003.07.14"]
[EventType "swiss"]
[EventRounds "11"]
[EventCountry "DEN"]
[SourceDate "2004.01.01"]

1. d4 Nf6 2. Nf3 e6 3. g3 c5 4. Bg2 Nc6 5. O-O d5 6. c3 Bd6 7. Bf4 Bxf4 8. gxf4
cxd4 9. cxd4 Qb6 10. Nc3 Qxb2 11. Qd3 Qb6 12. Rab1 Qc7 13. Nb5 Qe7 14. Ne5 O-O
15. Rfc1 Bd7 16. f5 Nb4 17. Qd2 Bxb5 18. Qxb4 Qxb4 19. Rxb4 Ba6 20. fxe6 fxe6
21. Bh3 Rae8 22. f3 Re7 23. Kf2 Ne4+ 24. Ke3 Nd6 25. Ra4 Rf6 26. Bg4 g6 27. h4
Kg7 28. Bh3 Rf8 29. Rc5 Ra8 30. Kd2 Bc4 31. Ra3 Nb5 32. Nxc4 Nxd4 33. Ne5 b6
34. Rc1 Nb5 35. Rb3 Nd6 36. Rc6 Rd8 37. a4 Nc4+ 38. Ke1 Nxe5 39. Rxe6 Rxe6 40.
Bxe6 Kf6 41. Bh3 Nc4 42. Rc3 Ke5 43. e3 Kd6 44. Ke2 Kc5 45. Rb3 Re8 46. Bg4 Re7
47. h5 Ne5 48. hxg6 hxg6 49. Bc8 Rh7 50. Kf2 Rh2+ 51. Kg3 Ra2 52. f4 Nc6 53.
Rc3+ Kd6 54. Ba6 Nb4 55. Bb5 Rc2 56. Rxc2 Nxc2 57. Kf3 d4 58. e4 Ke6 59. e5 Nb4
60. Ke4 d3 61. Bc4+ Ke7 62. Ke3 Kd7 63. Bf7 Ke7 64. Bg8 Kf8 65. Bc4 Ke7 66. Kd2
Nc6 67. Bd5 Nd8 68. Kxd3 Ne6 69. Ke3 Nc5 70. Kf3 Nxa4 71. Kg4 Nc3 72. Bb3 Kf8
73. Kg5 Kg7 74. Bc2 Nd5 75. Ba4 a6 76. Be8 Ne7 77. e6 b5 78. Bxg6 Nxg6 79. f5
Ne7 80. f6+ Kf8 81. Kf4 Nd5+ 82. Ke5 Nxf6 83. Kxf6 b4 0-1

[Event "25. Copenhagen Open  (Politiken Cup)"]
[Site "Copenhagen"]
[Date "2003.07.18"]
[Round "5"]
[White "Tallaksen, Geir Sune"]
[Black "Knudsen, Jes West"]
[Result "1-0"]
[WhiteElo "2285"]
[BlackElo "2015"]
[PlyCount "115"]
[EventDate "2003.07.14"]
[EventType "swiss"]
[EventRounds "11"]
[EventCountry "DEN"]
[SourceDate "2004.01.01"]

1. d4 f5 2. c4 Nf6 3. Nf3 g6 4. g3 Bg7 5. Bg2 O-O 6. O-O d6 7. Nc3 Nc6 8. d5
Ne5 9. Nxe5 dxe5 10. e4 f4 11. gxf4 Nh5 12. fxe5 Bxe5 13. Ne2 Qd6 14. f4 Nxf4
15. Bxf4 Bxf4 16. Nxf4 Rxf4 17. Rxf4 Qxf4 18. Qd4 Qg5 19. Qf2 Bh3 20. Qg3 Qxg3
21. hxg3 Bg4 22. Rc1 Kg7 23. e5 Rd8 24. Rc3 g5 25. Rd3 a6 26. Rb3 b6 27. c5 b5
28. Ra3 Bc8 29. b4 g4 30. Be4 Rf8 31. c6 Rd8 32. Rd3 Kh6 33. e6 Rf8 34. Rd2 Kg7
35. Rf2 Rxf2 36. Kxf2 Kf6 37. Ke2 Ke5 38. Ke3 a5 39. bxa5 b4 40. Bxh7 Kxd5 41.
Bf5 Ba6 42. Bd3 Bxd3 43. Kxd3 Kc5 44. a6 Kb6 45. Kc4 Kxa6 46. Kxb4 Kb6 47. Kc4
Ka5 48. Kd5 Kb5 49. Ke5 Kc4 50. Kf5 Kd5 51. Kxg4 Kxc6 52. Kf4 Kd5 53. g4 c5 54.
g5 c4 55. g6 Kxe6 56. a4 Kf6 57. a5 c3 58. Ke3 1-0

[Event "25. Copenhagen Open  (Politiken Cup)"]
[Site "Copenhagen"]
[Date "2003.07.18"]
[Round "5"]
[White "Tandrup, Michael"]
[Black "Harestad, Hans Krogh"]
[Result "0-1"]
[WhiteElo "1984"]
[BlackElo "2249"]
[PlyCount "24"]
[EventDate "2003.07.14"]
[EventType "swiss"]
[EventRounds "11"]
[EventCountry "DEN"]
[SourceDate "2004.01.01"]

1. Nf3 Nf6 2. g3 Nc6 3. d4 e6 4. Bg2 d5 5. Bg5 h6 6. Bf4 Be7 7. O-O O-O 8. Nbd2
Nh5 9. Be3 f5 10. Ne5 Nxe5 11. dxe5 d4 12. Bf3 dxe3 0-1

[Event "25. Copenhagen Open  (Politiken Cup)"]
[Site "Copenhagen"]
[Date "2003.07.18"]
[Round "5"]
[White "Udmark, Jonas"]
[Black "Byklum, Bjornar"]
[Result "0-1"]
[WhiteElo "1964"]
[BlackElo "2214"]
[PlyCount "48"]
[EventDate "2003.07.14"]
[EventType "swiss"]
[EventRounds "11"]
[EventCountry "DEN"]
[SourceDate "2004.01.01"]

1. d4 Nf6 2. c4 c5 3. d5 b5 4. cxb5 a6 5. bxa6 g6 6. Nc3 Bxa6 7. Nf3 d6 8. e4
Bxf1 9. Kxf1 Nbd7 10. g3 Bg7 11. Kg2 O-O 12. Qe2 Ra7 13. h3 Qa8 14. Be3 Rb8 15.
Rab1 Ne8 16. Bd2 Nc7 17. a3 Rab7 18. Be1 Nb5 19. Nxb5 Rxb5 20. Qc4 Rxb2 21.
Rxb2 Rxb2 22. Bc3 Nb6 23. Qd3 Rb3 24. Rc1 Qxa3 0-1

[Event "25. Copenhagen Open  (Politiken Cup)"]
[Site "Copenhagen"]
[Date "2003.07.18"]
[Round "5"]
[White "Unmack, Christian"]
[Black "Olsson, Linus"]
[Result "1-0"]
[WhiteElo "2085"]
[BlackElo "2244"]
[PlyCount "61"]
[EventDate "2003.07.14"]
[EventType "swiss"]
[EventRounds "11"]
[EventCountry "DEN"]
[SourceDate "2004.01.01"]

1. d4 Nf6 2. c4 c5 3. d5 e6 4. Nc3 exd5 5. cxd5 d6 6. e4 g6 7. Bd3 Bg7 8. Nge2
O-O 9. O-O a6 10. a4 Re8 11. Ng3 Nbd7 12. f4 Qc7 13. e5 dxe5 14. f5 c4 15. Bc2
Rf8 16. Nce4 Nxe4 17. Nxe4 Nf6 18. Nxf6+ Bxf6 19. Bh6 Bg7 20. Bxg7 Kxg7 21. f6+
Kh8 22. Qd2 Qb6+ 23. Kh1 Qxb2 24. Qh6 Rg8 25. Be4 Qb4 26. a5 Rb8 27. Bc2 Bd7
28. Rae1 Qc3 29. Re4 g5 30. Qxh7+ Kxh7 31. Rh4# 1-0

[Event "25. Copenhagen Open  (Politiken Cup)"]
[Site "Copenhagen"]
[Date "2003.07.18"]
[Round "5"]
[White "Vovk, Oksana"]
[Black "Andersen, Bjarne Hjorth"]
[Result "1/2-1/2"]
[WhiteElo "2107"]
[BlackElo "1807"]
[PlyCount "49"]
[EventDate "2003.07.14"]
[EventType "swiss"]
[EventRounds "11"]
[EventCountry "DEN"]
[SourceDate "2004.01.01"]

1. d4 Nf6 2. c4 g6 3. Nc3 d5 4. Nf3 Bg7 5. cxd5 Nxd5 6. e3 O-O 7. Bc4 Nxc3 8.
bxc3 c5 9. O-O Nc6 10. Ba3 cxd4 11. cxd4 Re8 12. Rc1 e6 13. Qe2 Bd7 14. Rfd1
Rc8 15. d5 exd5 16. Bxd5 Qf6 17. Rb1 b6 18. Bc4 Bg4 19. Bb5 Ne5 20. Bxe8 Nxf3+
21. gxf3 Bxf3 22. Be7 Bxe2 23. Bxf6 Bxd1 24. Bd7 Rc7 25. Rxd1 1/2-1/2

[Event "25. Copenhagen Open  (Politiken Cup)"]
[Site "Copenhagen"]
[Date "2003.07.18"]
[Round "5"]
[White "Werner, Gert"]
[Black "Jensen, Sren"]
[Result "1-0"]
[WhiteElo "2140"]
[BlackElo "1565"]
[PlyCount "39"]
[EventDate "2003.07.14"]
[EventType "swiss"]
[EventRounds "11"]
[EventCountry "DEN"]
[SourceDate "2004.01.01"]

1. Nf3 f5 2. c4 Nf6 3. g3 Nc6 4. d4 e6 5. Bg2 Bb4+ 6. Bd2 Qe7 7. O-O Bxd2 8.
Nbxd2 d6 9. Qb3 Rb8 10. d5 Nd8 11. Qa4+ b5 12. Qxa7 Rb7 13. Qa8 Bd7 14. dxe6
Bxe6 15. Nd4 Rb6 16. cxb5 O-O 17. Qa4 Bd7 18. Qc4+ Nf7 19. Qxc7 Rfb8 20. Nc6
1-0

[Event "25. Copenhagen Open  (Politiken Cup)"]
[Site "Copenhagen"]
[Date "2003.07.18"]
[Round "5"]
[White "Zachariassen, John"]
[Black "Jensen, Jonbert"]
[Result "1-0"]
[WhiteElo "1781"]
[BlackElo "1376"]
[PlyCount "29"]
[EventDate "2003.07.14"]
[EventType "swiss"]
[EventRounds "11"]
[EventCountry "DEN"]
[SourceDate "2004.01.01"]

1. g3 g6 2. Bg2 Bg7 3. c4 c6 4. Nc3 Nf6 5. e4 d6 6. Nge2 O-O 7. O-O Be6 8. d3
Qd7 9. Nf4 Bg4 10. f3 Be6 11. Qe1 h6 12. h4 Nh7 13. Nxe6 Qxe6 14. f4 Nd7 15.
Bd2 1-0

[Event "25. Copenhagen Open  (Politiken Cup)"]
[Site "Copenhagen"]
[Date "2003.07.19"]
[Round "6"]
[White "Aabling Thomsen, Jakob"]
[Black "Larsen, Allan"]
[Result "0-1"]
[WhiteElo "2158"]
[BlackElo "2160"]
[PlyCount "34"]
[EventDate "2003.07.14"]
[EventType "swiss"]
[EventRounds "11"]
[EventCountry "DEN"]
[SourceDate "2004.01.01"]

1. e4 c5 2. Nf3 e6 3. d4 cxd4 4. Nxd4 Nf6 5. Nc3 Nc6 6. Ndb5 Bb4 7. Nd6+ Ke7 8.
Bf4 e5 9. Nf5+ Kf8 10. Bg5 d5 11. Bxf6 Qxf6 12. Qxd5 Bxf5 13. exf5 Rd8 14. Qb5
e4 15. Qc4 b5 16. Qb3 Qd4 17. Bxb5 Na5 0-1

[Event "25. Copenhagen Open  (Politiken Cup)"]
[Site "Copenhagen"]
[Date "2003.07.19"]
[Round "6"]
[White "Adamski, Jan"]
[Black "Malmberg, Mio"]
[Result "1-0"]
[WhiteElo "2335"]
[BlackElo "2095"]
[PlyCount "123"]
[EventDate "2003.07.14"]
[EventType "swiss"]
[EventRounds "11"]
[EventCountry "DEN"]
[SourceDate "2004.01.01"]

1. c4 c5 2. Nf3 Nc6 3. Nc3 g6 4. e3 Nf6 5. d4 cxd4 6. exd4 d5 7. Bg5 Be6 8.
Bxf6 exf6 9. Qb3 Bb4 10. Be2 O-O 11. c5 Bxc5 12. dxc5 d4 13. Qxb7 dxc3 14. O-O
cxb2 15. Qxb2 Rb8 16. Qc3 Kg7 17. Rfd1 Qa5 18. Qxa5 Nxa5 19. Nd4 Rbc8 20. Rac1
Nc6 21. Ba6 Nxd4 22. Rxd4 Rc7 23. Rb4 Bxa2 24. Rb7 Rxb7 25. Bxb7 Be6 26. Ra1
Bc8 27. c6 Bxb7 28. cxb7 Rb8 29. Rxa7 f5 30. f4 f6 31. Kf2 Kf7 32. Ke3 Ke7 33.
Kd4 Kd7 34. Kd5 h6 35. g3 g5 36. Kc5 Kc7 37. Ra6 Rxb7 38. Rxf6 Rb2 39. Rxh6
gxf4 40. gxf4 Rf2 41. Rh7+ Kc8 42. Kc6 Kb8 43. Rh8+ Ka7 44. Rh4 Re2 45. Rh5 Rf2
46. Rxf5 Rxh2 47. Rf7+ Kb8 48. Rf8+ Ka7 49. f5 Rc2+ 50. Kd6 Kb7 51. f6 Rd2+ 52.
Ke6 Kc7 53. Ra8 Re2+ 54. Kf7 Kd7 55. Ra1 Kd6 56. Ra6+ Kd7 57. Kf8 Rg2 58. f7
Rg3 59. Ra7+ Kd8 60. Ra1 Re3 61. Rd1+ Kc7 62. Rd5 1-0

[Event "25. Copenhagen Open  (Politiken Cup)"]
[Site "Copenhagen"]
[Date "2003.07.19"]
[Round "6"]
[White "Agustsson, Hafsteinn"]
[Black "Frank Nielsen, Marie"]
[Result "1/2-1/2"]
[WhiteElo "1929"]
[BlackElo "1629"]
[PlyCount "142"]
[EventDate "2003.07.14"]
[EventType "swiss"]
[EventRounds "11"]
[EventCountry "DEN"]
[SourceDate "2004.01.01"]

1. e4 c6 2. Nc3 d5 3. Nf3 Bg4 4. h3 Bxf3 5. Qxf3 d4 6. Bc4 e6 7. Ne2 b5 8. Bb3
c5 9. d3 Nd7 10. Qg3 Ne7 11. f4 h5 12. c3 dxc3 13. bxc3 a5 14. a4 b4 15. Bc4 h4
16. Qf3 Nc8 17. f5 e5 18. O-O Be7 19. d4 bxc3 20. dxe5 Nxe5 21. Bb5+ Kf8 22.
Qxc3 Bf6 23. Qxc5+ Kg8 24. Be3 Qd6 25. Qc2 Na7 26. Rad1 Qb8 27. Bd7 Kh7 28. Nf4
Qb7 29. Bb5 Nxb5 30. axb5 Qxb5 31. Nd5 Qc4 32. Nxf6+ gxf6 33. Qf2 Kg7 34. Rd4
Qb3 35. Rfd1 Kf8 36. Bf4 a4 37. Bxe5 fxe5 38. R4d3 Qb4 39. f6 Qa5 40. Rd5 Qc7
41. Rd7 Qb8 42. Qc5+ Kg8 43. Qe7 Qb6+ 44. Kh2 Qb3 45. R1d3 Qe6 46. R3d6 Qxe7
47. fxe7 Re8 48. Ra6 Kg7 49. Rxa4 Rh6 50. Raa7 Re6 51. g3 hxg3+ 52. Kxg3 Kf6
53. h4 Rg8+ 54. Kh3 Re8 55. Rab7 Rc6 56. Rbc7 Rb6 57. h5 Kg5 58. Rd8 Rb8 59.
Rcd7 Kf6 60. Kh4 Rxe7 61. Rxb8 Rxd7 62. Rb6+ Kg7 63. Kg5 Rd1 64. h6+ Kh7 65.
Kf5 Rh1 66. Rf6 Rh5+ 67. Kg4 Rxh6 68. Rxf7+ Kg8 69. Re7 Kf8 70. Kg5 Rh1 71.
Rxe5 Kf7 1/2-1/2

[Event "25. Copenhagen Open  (Politiken Cup)"]
[Site "Copenhagen"]
[Date "2003.07.19"]
[Round "6"]
[White "Anders, Maik"]
[Black "Edvardsen, Ragnar"]
[Result "0-1"]
[WhiteElo "1558"]
[BlackElo "2092"]
[PlyCount "66"]
[EventDate "2003.07.14"]
[EventType "swiss"]
[EventRounds "11"]
[EventCountry "DEN"]
[SourceDate "2004.01.01"]

1. d4 Nf6 2. c4 e6 3. Nf3 c5 4. Nc3 cxd4 5. Nxd4 Nc6 6. g3 Be7 7. Bg2 O-O 8.
O-O a6 9. e4 Nxd4 10. Qxd4 d6 11. f4 Qc7 12. b3 d5 13. Kh1 Bc5 14. Qd3 dxc4 15.
Qxc4 b5 16. Qd3 Bb7 17. Be3 Rac8 18. Bxc5 Qxc5 19. Rac1 Ng4 20. Qe2 Ne3 21.
Rfe1 Nxg2 22. Kxg2 Qb4 23. Qe3 Rfd8 24. Kf2 h6 25. h3 Qa3 26. Re2 b4 27. Rec2
bxc3 28. Rxc3 Rxc3 29. Rxc3 Qxa2+ 30. Kf3 Qb1 31. Kg4 Qxe4 32. Qb6 Qf5+ 33. Kh4
g5+ 0-1

[Event "25. Copenhagen Open  (Politiken Cup)"]
[Site "Copenhagen"]
[Date "2003.07.19"]
[Round "6"]
[White "Andersen, Bjarne Hjorth"]
[Black "Hagesaether, Arne"]
[Result "0-1"]
[WhiteElo "1807"]
[BlackElo "2088"]
[PlyCount "78"]
[EventDate "2003.07.14"]
[EventType "swiss"]
[EventRounds "11"]
[EventCountry "DEN"]
[SourceDate "2004.01.01"]

1. d4 Nf6 2. Nf3 g6 3. c4 Bg7 4. Nc3 d6 5. g3 O-O 6. Bg2 Nbd7 7. O-O h6 8. Qc2
e5 9. dxe5 dxe5 10. e4 c6 11. b3 Re8 12. h3 Qa5 13. Bd2 Qc7 14. Be3 Kh7 15.
Rad1 Nh5 16. Nh4 Nf8 17. Kh2 Ne6 18. Nf3 Bd7 19. Rd2 Re7 20. Rfd1 b6 21. Qd3
Rf8 22. Qd6 Qxd6 23. Rxd6 Be8 24. Ne2 f5 25. Ne1 f4 26. gxf4 exf4 27. Bd4 Nxd4
28. Nxd4 Be5 29. Re6 Rxe6 30. Nxe6 Rf6 31. Ng5+ hxg5 32. Nf3 Bc7 33. e5 Rf5 34.
Bf1 Kh6 35. Bd3 Rf7 36. Rg1 Re7 37. Rxg5 Ng7 38. Rg4 Ne6 39. Nh4 Ng5 0-1

[Event "25. Copenhagen Open  (Politiken Cup)"]
[Site "Copenhagen"]
[Date "2003.07.19"]
[Round "6"]
[White "Bekker Jensen, Dorte"]
[Black "Jacobsen, Claus"]
[Result "1-0"]
[WhiteElo "1593"]
[BlackElo "1075"]
[PlyCount "65"]
[EventDate "2003.07.14"]
[EventType "swiss"]
[EventRounds "11"]
[EventCountry "DEN"]
[SourceDate "2004.01.01"]

1. d4 d5 2. c4 e6 3. Nc3 Nf6 4. cxd5 exd5 5. Bg5 Be7 6. e3 O-O 7. Qc2 Nbd7 8.
Bd3 c6 9. Nf3 g6 10. O-O Nh5 11. Bxe7 Qxe7 12. Rab1 c5 13. Nxd5 Qd6 14. Nc3 Nb6
15. Nb5 Qe7 16. dxc5 Nd5 17. a3 a6 18. Nd6 Ndf6 19. Nd2 Ne8 20. N2e4 Nxd6 21.
Nxd6 Ra7 22. Rbc1 Bd7 23. b4 Rb8 24. Rfd1 Nf6 25. Be2 Bc6 26. Bc4 Rf8 27. Rd4
Qc7 28. Qc3 b6 29. Bxf7+ Rxf7 30. Nxf7 b5 31. Ne5 Qb7 32. Nxc6 Qxc6 33. Rd6 1-0

[Event "25. Copenhagen Open  (Politiken Cup)"]
[Site "Copenhagen"]
[Date "2003.07.19"]
[Round "6"]
[White "Beliavsky, Alexander"]
[Black "Hoi, Carsten"]
[Result "0-1"]
[WhiteElo "2668"]
[BlackElo "2385"]
[PlyCount "80"]
[EventDate "2003.07.14"]
[EventType "swiss"]
[EventRounds "11"]
[EventCountry "DEN"]
[SourceDate "2004.01.01"]

1. d4 Nf6 2. c4 g6 3. Nc3 Bg7 4. e4 d6 5. Nf3 O-O 6. Be2 c5 7. O-O cxd4 8. Nxd4
Nc6 9. Be3 Nxd4 10. Bxd4 Bd7 11. b4 Be6 12. f3 a5 13. a3 Qc7 14. Nd5 Bxd5 15.
exd5 Rfe8 16. Rc1 axb4 17. axb4 e6 18. dxe6 Rxe6 19. Qd2 h5 20. Rfd1 Kh7 21.
Ra1 Rxa1 22. Bxa1 Bh6 23. Qc3 Qe7 24. Bf1 h4 25. Kh1 Bg7 26. Qd2 Nh5 27. Bxg7
Kxg7 28. Kg1 Kh7 29. Rc1 b6 30. Qd4 Qg5 31. Ra1 Nf4 32. Kh1 Nh5 33. Kg1 Nf4 34.
Ra7 Rf6 35. Kh1 Nh5 36. Ra8 Ng3+ 37. hxg3 hxg3 38. Kg1 Qh6 39. Rh8+ Kxh8 40.
Qxf6+ Kg8 0-1

[Event "25. Copenhagen Open  (Politiken Cup)"]
[Site "Copenhagen"]
[Date "2003.07.19"]
[Round "6"]
[White "Bjerke, Silje"]
[Black "Hartung Nielsen, Jens"]
[Result "0-1"]
[WhiteElo "2093"]
[BlackElo "2233"]
[PlyCount "106"]
[EventDate "2003.07.14"]
[EventType "swiss"]
[EventRounds "11"]
[EventCountry "DEN"]
[SourceDate "2004.01.01"]

1. d4 f5 2. g3 Nf6 3. Bg2 e6 4. Nf3 Be7 5. O-O O-O 6. c4 d6 7. Nc3 Qe8 8. b3 a5
9. Bb2 Qh5 10. Qc2 Nc6 11. a3 Bd7 12. Rad1 Nd8 13. b4 axb4 14. axb4 Nf7 15. c5
Bc6 16. Qb3 Bd5 17. Nxd5 exd5 18. Rfe1 c6 19. Rc1 Ne4 20. cxd6 Nfxd6 21. Ne5
Rf6 22. Bf3 Qh3 23. Bg2 Qh5 24. Bf3 Qe8 25. Ra1 Rb8 26. Bc1 Nb5 27. Rd1 Bd6 28.
Qb2 Nxd4 29. Bxe4 fxe4 30. Ng4 Rg6 31. Qxd4 Rxg4 32. Bb2 h5 33. b5 Qf8 34. bxc6
bxc6 35. Rdc1 Rb4 36. Qd2 Bc5 37. e3 Rb5 38. Ra6 Rg6 39. Ba1 Qf5 40. Qc3 Bb6
41. Qa3 h4 42. Qe7 Qc8 43. Qa3 Bd8 44. Qa4 hxg3 45. fxg3 Rb6 46. Ra8 Qc7 47.
Qd4 Kh7 48. Qd1 Rxg3+ 49. hxg3 Qxg3+ 50. Kf1 Qh3+ 51. Kg1 c5 52. Qf1 Qxe3+ 53.
Qf2 Qxc1+ 0-1

[Event "25. Copenhagen Open  (Politiken Cup)"]
[Site "Copenhagen"]
[Date "2003.07.19"]
[Round "6"]
[White "Bleis, Christian"]
[Black "Andersen, Erik Rune Egede"]
[Result "1-0"]
[WhiteElo "2252"]
[BlackElo "2109"]
[PlyCount "120"]
[EventDate "2003.07.14"]
[EventType "swiss"]
[EventRounds "11"]
[EventCountry "DEN"]
[SourceDate "2004.01.01"]

1. d4 d5 2. Nf3 Nf6 3. Bf4 c5 4. e3 Nc6 5. c3 Qb6 6. Qb3 c4 7. Qxb6 axb6 8. Na3
Bf5 9. Nh4 e6 10. Nb5 Kd7 11. Nxf5 exf5 12. Be2 Ra5 13. a4 Be7 14. Bd1 Rha8 15.
Rb1 Na7 16. Nxa7 R8xa7 17. Bc2 g6 18. Bb8 Ra8 19. Be5 Ng4 20. Bg3 h5 21. h3 Nf6
22. f3 b5 23. b3 cxb3 24. Rxb3 Rxa4 25. Rxb5 Ra1+ 26. Rb1 Kc6 27. Kd2 Rxb1 28.
Rxb1 b5 29. Bh4 Ra2 30. Kd3 Ng8 31. Be1 Nf6 32. Bd2 Nd7 33. Bb3 Ra3 34. e4
fxe4+ 35. fxe4 dxe4+ 36. Kxe4 f5+ 37. Kd3 Nb6 38. Bf7 g5 39. Be8+ Kd6 40. Rxb5
Nd5 41. Bxh5 Ke6 42. Bf7+ Kxf7 43. Rxd5 Kg6 44. Re5 Bf6 45. Re2 g4 46. hxg4
fxg4 47. Bf4 Kf5 48. g3 Ra1 49. Be5 Bd8 50. Rf2+ Ke6 51. Rf8 Ba5 52. Rf6+ Kd7
53. c4 Be1 54. Ke4 Ra3 55. Rf7+ Ke8 56. Rg7 Bxg3 57. Rxg4 Bf2 58. c5 Kd7 59.
Kd5 Ra6 60. Rg7+ Kd8 1-0

[Event "25. Copenhagen Open  (Politiken Cup)"]
[Site "Copenhagen"]
[Date "2003.07.19"]
[Round "6"]
[White "Brasoy, Aksel"]
[Black "Nielsen, Michael B"]
[Result "1-0"]
[WhiteElo "1794"]
[BlackElo "1327"]
[PlyCount "89"]
[EventDate "2003.07.14"]
[EventType "swiss"]
[EventRounds "11"]
[EventCountry "DEN"]
[SourceDate "2004.01.01"]

1. e4 e5 2. Nf3 Nc6 3. Bb5 a6 4. Ba4 Nf6 5. O-O Be7 6. Re1 b5 7. Bb3 d6 8. c3
O-O 9. h3 Na5 10. Bc2 c5 11. d4 Qc7 12. Nbd2 Nc6 13. d5 Nb8 14. a4 Ra7 15. Nf1
Re8 16. Ng3 h6 17. Be3 Rb7 18. axb5 axb5 19. Qd2 Bf8 20. Nh4 Kh7 21. Ngf5 Ng8
22. g4 g6 23. Ng3 Nd7 24. Kh2 Nb6 25. b3 Qd7 26. f3 f6 27. Qg2 Qf7 28. Ra5 Bd7
29. Rea1 Ne7 30. Bd1 Reb8 31. Qd2 Nec8 32. R5a2 c4 33. b4 Qe7 34. Ng2 Bg7 35.
h4 Qf7 36. h5 g5 37. Bf2 Ne7 38. Ne3 Nbc8 39. Ra6 Rb6 40. Ng2 R6b7 41. Qa2 Qe8
42. Qa5 Qf8 43. Ra8 Qe8 44. Rxb8 Rxb8 45. Qc7 1-0

[Event "25. Copenhagen Open  (Politiken Cup)"]
[Site "Copenhagen"]
[Date "2003.07.19"]
[Round "6"]
[White "Busk, Casper"]
[Black "Udmark, Jonas"]
[Result "1/2-1/2"]
[WhiteElo "2126"]
[BlackElo "1964"]
[PlyCount "89"]
[EventDate "2003.07.14"]
[EventType "swiss"]
[EventRounds "11"]
[EventCountry "DEN"]
[SourceDate "2004.01.01"]

1. e4 c6 2. d4 d5 3. e5 Bf5 4. g4 Be4 5. f3 Bg6 6. h4 h5 7. Bd3 Bxd3 8. Qxd3 e6
9. g5 g6 10. Ne2 c5 11. c3 Nc6 12. f4 cxd4 13. Nxd4 Qb6 14. Nd2 Nxd4 15. cxd4
Ne7 16. Nb3 Nf5 17. Bd2 a5 18. Bc3 Bb4 19. Bxb4 Qxb4+ 20. Qd2 Qxd2+ 21. Kxd2 a4
22. Nc5 b6 23. Nb7 Nxd4 24. Nd6+ Kd7 25. Rac1 Nf5 26. Nxf5 gxf5 27. Kc3 a3 28.
b4 Kc6 29. Kb3+ Kb5 30. Rc7 Rhf8 31. Rd1 Rfc8 32. Rdc1 Rf8 33. Rb7 Ra4 34.
Rxb6+ Kxb6 35. Kxa4 Ra8+ 36. Kb3 Ra7 37. Rc8 Rd7 38. Kc3 d4+ 39. Kd3 Kb5 40.
Rc4 Ka4 41. Rxd4 Rxd4+ 42. Kxd4 Kxb4 43. Kd3 Kc5 44. Kc3 Kd5 45. Kd3 1/2-1/2

[Event "25. Copenhagen Open  (Politiken Cup)"]
[Site "Copenhagen"]
[Date "2003.07.19"]
[Round "6"]
[White "Byklum, Bjornar"]
[Black "Bromann, Thorbjorn"]
[Result "1/2-1/2"]
[WhiteElo "2214"]
[BlackElo "2360"]
[PlyCount "93"]
[EventDate "2003.07.14"]
[EventType "swiss"]
[EventRounds "11"]
[EventCountry "DEN"]
[SourceDate "2004.01.01"]

1. e4 e6 2. d4 d5 3. Nd2 c5 4. exd5 Qxd5 5. Ngf3 cxd4 6. Bc4 Qd6 7. O-O Nf6 8.
Nb3 Nc6 9. Nbxd4 Nxd4 10. Nxd4 a6 11. Bd3 g6 12. Nf3 Nd5 13. c3 Bg7 14. Be4 O-O
15. Bxd5 exd5 16. Be3 Re8 17. Qd2 Bg4 18. Nd4 Rad8 19. h3 Bd7 20. Bg5 Rc8 21.
Rad1 Re4 22. Bh6 Bh8 23. Nf3 Bc6 24. Rfe1 Rce8 25. Rxe4 Rxe4 26. Nd4 Ba4 27. b3
Bd7 28. Nf3 Bc6 29. Nd4 Qe7 30. Bg5 f6 31. Be3 f5 32. g3 Bf6 33. Qd3 Be8 34.
Ne2 Bf7 35. Nf4 Re5 36. Bd4 Re1+ 37. Rxe1 Qxe1+ 38. Qf1 Qxf1+ 39. Kxf1 Bd8 40.
h4 h6 41. Ke2 g5 42. hxg5 hxg5 43. Nd3 a5 44. Ke3 Kf8 45. f4 b6 46. Ne5 Be8 47.
Nf3 1/2-1/2